00390nam a2200121Ia 4500008004100000245012900041260001700170260000900187300000800196650002300204650001200227856002900239170516s9999 xx 000 0 und d aInhibition by Multifunctional Magnetic Nanoparticles Loaded with Alpha-Synuclein RNAi Plasmid in a Parkinson's Disease Model bTheranostics c2017 a7:2 xMedical Technology xMedtech uhttp://www.thno.org/v7i2